Teoretické a praktické dopady spoločnej obchodnej politiky EÚ na zahranično-obchodné vzťahy Slovenskej republiky

Analýza vplyvu spoločnej obchodnej politiky na zahranično-obchodné vzťahy SR. Vstupom do EÚ sa SR vzdala právomoci samostatne zostavovať a vykonávať svoju zahranično-obchodnú politiku, rozhodovacie procesy v oblasti spoločnej obchodnej politiky sú sústredené v rukách institúcii EÚ. Komisia navrhuje...

Full description

Saved in:
Bibliographic Details
Main Author: Silná, Zuzana
Format: Book Chapter
Language:Slovak
Subjects:
Tags: Add Tag
No Tags, Be the first to tag this record!

MARC

LEADER 00000naa$a2200000$$$4500
001 0040004
005 20240502071506.8
041 0 |a slo 
044 |a SK 
245 1 0 |a Teoretické a praktické dopady spoločnej obchodnej politiky EÚ na zahranično-obchodné vzťahy Slovenskej republiky  |c Zuzana Silná 
520 |a Analýza vplyvu spoločnej obchodnej politiky na zahranično-obchodné vzťahy SR. Vstupom do EÚ sa SR vzdala právomoci samostatne zostavovať a vykonávať svoju zahranično-obchodnú politiku, rozhodovacie procesy v oblasti spoločnej obchodnej politiky sú sústredené v rukách institúcii EÚ. Komisia navrhuje obchodnú legislatívu a o jej prijatí rozhoduje Rada EÚ, členovia EÚ majú možnosť tento rozhodovací proces ovplyvniť. Odborníci z MH SR sa zúčastňujú zasadnutí Výboru 133, COREPERu a Rady, kde majú príležitosť presadiť naše národné záujmy. Ochrana vnútorného trhu SR vzrástla priemerne z 6,1 percenta na 6,5 percent. Spoločná obchodná politika EÚ otvorila slovenským producentom nové možnosti, ale priniesla i nové riziká. 
610 2 0 |a Európska únia 
610 2 0 |a politika obchodná 
610 2 0 |a Slovensko 
610 2 0 |a politika zahraničnoobchodná 
610 2 0 |a vzťahy obchodné 
610 2 0 |a riziko 
100 1 |a Silná, Zuzana